Varia fortuna de el soldado Pindaro / (Record no. 153076)

MARC details
000 -LEADER
campo de control de longitud fija 01452nam a2200241 i 4500
001 - NÚMERO DE CONTROL
campo de control 153076
003 - IDENTIFICADOR DE NÚMERO DE CONTROL
campo de control ES-MaACL
005 - FECHA Y HORA DE LA ÚLTIMA TRANSACCIÓN
campo de control 20230906205019.0
008 - DATOS DE LONGITUD FIJA--INFORMACIÓN GENERAL
campo de control de longitud fija 991019s1733 sp |||| | spa d
040 ## - FUENTE DE CATALOGACIÓN
Centro catalogador/agencia de origen CCPB | B
Lengua de catalogación spa
Centro/agencia transcriptor CCPB | B
080 ## - NÚMERO DE LA CLASIFICACIÓN DECIMAL UNIVERSAL
Número de la Clasificación Decimal Universal 821.134.2-31"16"
100 1# - ENTRADA PRINCIPAL--NOMBRE DE PERSONA
Nombre de persona Céspedes y Meneses, Gonzalo de.
9 (RLIN) 37691
245 10 - MENCIÓN DEL TÍTULO
Título Varia fortuna de el soldado Pindaro /
Mención de responsabilidad, etc. por D. Gonzalo de Cespedes y Meneses ... ; añadido en esta ultima impression otro libro de el mismo autor, cuyo titulo es: Historias peregrinas y exemplares con el origen, fundamentos y excelencias de España y ciudades donde sucedieron.
250 ## - MENCION DE EDICION
Mención de edición Tercera impression.
260 ## - PUBLICACIÓN, DISTRIBUCIÓN, ETC.
Lugar de publicación, distribución, etc. En Madrid :
Nombre del editor, distribuidor, etc. a costa de Pedro Joseph Alonso Padilla ...,
Fecha de publicación, distribución, etc. 1733.
300 ## - DESCRIPCIÓN FÍSICA
Extensión [4], 236 p. ;
Dimensiones 20 cm.
530 ## - NOTA DISPONIBLE DE FORMULARIO FÍSICO ADICIONAL
Nota de formato físico adicional disponible Disponible también en sitio web.
597 ## - NOTA DE DESCRIPCIÓN FÍSICA
NOTA DE DESCRIPCIÓN FÍSICA Sign.: Sign.: [ ]4, A-Z8, 2A-2F8, 2G4.
597 ## - NOTA DE DESCRIPCIÓN FÍSICA
NOTA DE DESCRIPCIÓN FÍSICA Port. con esc. xil.
597 ## - NOTA DE DESCRIPCIÓN FÍSICA
NOTA DE DESCRIPCIÓN FÍSICA Texto a dos col.
852 ## - LOCALIZACIÓN
Ubicación ES-MaACL
Número de control de estantería R-345
Nota libre -- Enc. hol.
-- -- Legado M. de la Fuente
Encuadernación -- Olim: D-4144
-- -- Edic.: Con port. propia: "Historias peregrinas y exemplares con el origen, fundamentos y excelencias de España y ciudades adonde sucedieron / por Don Gonzalo de Cespedes y Meneses ..." (pp.[137]-236) -- Texto a dos col. -- El esc. de la port. es la marca tip. de Padilla
856 ## - LOCALIZACIÓN Y ACCESO ELECTRÓNICOS
Identificador Uniforme de Recursos <a href="http://bibliotecadigitalhispanica.bne.es:80/webclient/DeliveryManager?pid=3176390&custom_att_2=simple_viewer">http://bibliotecadigitalhispanica.bne.es:80/webclient/DeliveryManager?pid=3176390&custom_att_2=simple_viewer</a>
Nota pública Ir a la página
Holdings
Estatus retirado Estado de pérdida Estado de daño No para préstamo Colección Biblioteca de origen Biblioteca actual Ubicación en estantería Fecha de adquisición Total de préstamos Signatura topográfica completa Código de barras Visto por última vez Precio de reemplazo Tipo de ítem Koha
        Colección digital Biblioteca del Ateneo de Madrid Biblioteca del Ateneo de Madrid Depósito 17/01/2008   R-345 1159928 23/02/2023 23/02/2023 Libro impreso antiguo